• 首页
  • 本馆介绍
  • 公告通知
  • 最新文献
  • 馆藏检索
  • 电子资源
  • 读者导购
  • 参考咨询
  • 我的图书馆
  • 登录
  • 详细信息显示
  • 放入我的书架
  • 预约/预借图书
  • 作者相关作品
  • 分类相关作品
  • 丛书相关作品
  • 出版社相关作品

书目信息

  • 表格格式
  • 工作单格式
  • 卡片格式
题名:
逻辑思维训练500题
    
 
作者: 于雷 著
分册:  
出版信息: 北京   新世界出版社  2016
页数: 379页
开本: 24cm
丛书名:
单 册:
中图分类: B80
科图分类:
主题词: 逻辑思维--训练--习题
电子资源:
ISBN: 978-7-5104-5861-3
000 01144nam0 2200241 450
001 7111
005 20180604182541.91
010    @a978-7-5104-5861-3@dCNY49.80
100    @a20160923d2016 em y0chiy50 ea
101 0  @achi
102    @aCN@b110000
105    @ay z 000yy
200 1  @a逻辑思维训练500题@9luo ji si wei xun lian 500 ti@d500 problems of logical thinking training@f于雷著@Fyu lei zhu@zeng
210    @a北京@c新世界出版社@d2016
215    @a379页@d24cm
314    @a于雷,毕业于北京大学,畅销书作家、中国逻辑学会会员、逻辑思维训练专家。
330    @a本书精挑细选500个世界经典的逻辑思维训练题目,按照常用的逻辑思维方法分作十篇,让大家能冲破思维定式,从不同角度看问题,养成用逻辑思维去思考问题的习惯,使我们在处理问题时及时应变,游刃有余。 一个人智商的高低主要体现在他的逻辑思维能力上,逻辑思维能力强的人在日常的学习、生活和工作中,能迅速、准确地把握住问题的实质,尤其是在面对纷繁复杂的事情时,更可以发挥突出的作用。
510 1  @a500 problems of logical thinking training@zeng
606 0  @a逻辑思维@x训练@j习题
690    @aB80@v5
701  0 @a于雷@9yu lei@4著
801  0 @aCN@b91MARC@c20160923
905    @aMuseLib@dB80@e110
    
    逻辑思维训练500题=500 problems of logical thinking training/于雷著.-北京:新世界出版社,2016
    379页;24cm
    
    
    ISBN 978-7-5104-5861-3:CNY49.80
    本书精挑细选500个世界经典的逻辑思维训练题目,按照常用的逻辑思维方法分作十篇,让大家能冲破思维定式,从不同角度看问题,养成用逻辑思维去思考问题的习惯,使我们在处理问题时及时应变,游刃有余。 一个人智商的高低主要体现在他的逻辑思维能力上,逻辑思维能力强的人在日常的学习、生活和工作中,能迅速、准确地把握住问题的实质,尤其是在面对纷繁复杂的事情时,更可以发挥突出的作用。
●
相关链接 在E读中查询图书 在五车中查询图书 在当当中查询图书 在豆瓣中查询图书


正题名:逻辑思维训练500题     索取号:B80/110         预约/预借

序号 登录号 条形码 馆藏地/架位号 状态 备注
1 1116509   211165095   第一样本阅览室/ [索取号:B80/110] 在馆    
2 1116510   211165102   教育系资料室/ [索取号:B80/110] 在馆    
3 1116511   211165111   教育系资料室/ [索取号:B80/110] 在馆    
4 1116512   211165120   第一借阅区/ [索取号:B80/110] 在馆    
唐山师范学院图书馆 欢迎您!
大连网信软件有限公司© 版权所有